Reservations
Պահպանված է:
| Հիմնական հեղինակ: | |
|---|---|
| Ձևաչափ: | Գիրք |
| Լեզու: | անգլերեն |
| Հրապարակվել է: |
Princeton
Princeton University
1977
|
| Խորագրեր: | |
| Ցուցիչներ: |
Ավելացրեք ցուցիչ
Չկան պիտակներ, Եղեք առաջինը, ով նշում է այս գրառումը!
|
MARC
| LEADER | 00000nam a2200000 a 4500 | ||
|---|---|---|---|
| 001 | UCO5047 | ||
| 003 | CL-VaPUC | ||
| 008 | 000825e19770000us |||||||||||||||||eng|d | ||
| 082 | 0 | 4 | |a 811 |b RIC |2 21 |
| 100 | 0 | |a Richardson, James E |e author |9 449802 | |
| 245 | 1 | 0 | |a Reservations |
| 300 | |a 75 p | ||
| 942 | |c BK | ||
| 945 | |d 20000825 00:00:00 |a crobeson | ||
| 260 | |a Princeton |b Princeton University |c 1977 | ||
| 650 | 7 | |a POESIAS ESTADOUNIDENSES |2 CL-VaPUC |9 449803 | |
| 650 | 0 | |a Literatura estadounidense |9 317168 | |
| 583 | |a last modification |c 20171205 02:24:02 |k Rodrigo Vera | ||
| 999 | |c 291003 |d 291001 | ||
| 952 | |0 0 |1 0 |4 0 |6 811_000000000000000_RIC_1977 |7 0 |8 A |9 340637 |a BIBART |b BIBART |d 2019-11-20 |i 1218344 |o 811 RIC 1977 |p 1218344 |r 2025-03-13 |w 2019-11-20 |y BK |k ART | ||